000 00830nam a2200253 i 4500
001 bg
100 1 _aSTANISŁAWCZYK, Jan
245 1 0 _aŁagowski Park Krajobrazowy /
_cJan Stanisławczyk ; Zarząd Parków Krajobrazowych w Zielonej Górze.
260 _aZielona Góra :
_bLiga Ochrony Przyrody,
_c1998.
300 _a40 s., [2] k. tabl. :
_brys., fot. kolor. +
_e21 cm.
504 _aBibliogr. s.39-40.
650 9 _aRezerwaty i parki narodowe
_zPolska
650 9 _aTurystyka piesza
_zPolska
651 9 _aŁagowski Park Krajobrazowy
655 _aPrzewodniki
710 0 _aZarząd Parków Krajobrazowych (Zielona Góra)
020 _a8390440474
040 _cBPK
041 0 _apl
080 _a502.6:913(438):796.5/.6](036)
920 _a83-904404-7-4
942 _cKS
008 s pl f |000 0 pol
999 _c36435
_d36435
856 _uhttp://koha.tu.koszalin.pl/cgi-bin/koha/opac-detail.pl?biblionumber=36435
_yKatalog online BPK